Marine pollution control and management (Record no. 3881)

MARC details
000 -LEADER
fixed length control field 00589nam a2200193Ia 4500
008 - FIXED-LENGTH DATA ELEMENTS--GENERAL INFORMATION
fixed length control field 191130s2010##################000#0#eng##
020 ## - INTERNATIONAL STANDARD BOOK NUMBER
International Standard Book Number 9788171393428
040 ## - CATALOGING SOURCE
Original cataloging agency ACL
Transcribing agency ACL
082 ## - DEWEY DECIMAL CLASSIFICATION NUMBER
Classification number 577.727 RUD
100 ## - MAIN ENTRY--PERSONAL NAME
Personal name Rudra, Tanmoy
245 ## - TITLE STATEMENT
Title Marine pollution control and management
Statement of responsibility, etc. Tanmoy Rudra; Gurusamy Gandhi
260 ## - PUBLICATION, DISTRIBUTION, ETC.
Place of publication, distribution, etc. New Delhi
Name of publisher, distributor, etc. Jnanada Prakashan
Date of publication, distribution, etc. 2010
300 ## - PHYSICAL DESCRIPTION
Extent vii,252p
500 ## - GENERAL NOTE
General note Includes bibliographical references and index
650 ## - SUBJECT ADDED ENTRY--TOPICAL TERM
Topical term or geographic name entry element Marine Ecology- pollution control
990 ## - EQUIVALENCES OR CROSS-REFERENCES [LOCAL, CANADA]
Link information for 9XX fields e379519bac10000c0f0c7b15b68621e9
991 ## -
-- 245829
Holdings
Withdrawn status Lost status Materials specified (bound volume or other part) Damaged status Not for loan Home library Current library Shelving location Date acquired Total Checkouts Full call number Barcode Date last seen Price effective from Koha item type
    hbk     Anna Centenary Library Anna Centenary Library 5TH FLOOR, A WING 09.10.2020   577.727 RUD 535570 09.10.2020 09.10.2020 English Books

Find us on the map